00892nam0a22002291 4500001001100000005001700011021001900028035002600047100004100073101001300114102000700127105001800134200017500152210008600327215004300413700006700456702004200523702003100565801001800596801002200614852002600636rc\397251820250610222548.0 aRUb[56-58488] a(NLR Aleph) 007932055 a20130415d1956 |||y0rusy50 ca1 arusctat aRU aa z |||a|1 aОхотникe[СтихиeДля дошкольного возрастаfПеревод с татар. Б. ДубровинаgИл.: И.К. Колмогорцева] aКазаньcТаткнигоиздат. Ред. юнош.-дет. лит.d1956 a12 с., 1 отд. л. ил.cил.d21 1aИсхаковbА.А.f1905-gАхмет Абдуллович 1aКолмогорцеваbИ.К.4440 1aДубровинbБ.4730 0aRUbNLRgpsbo 1aRUbELAR2rusmarc aNLRjДл02 Г-4/2492